El camino hacia la doble hélice

Sparad:
Bibliografiska uppgifter
Huvudupphovsman: Olby, Robert (autor)
Materialtyp: Bok
Språk:spanska
Publicerad: Madrid Alianza 1991
Serie:Alianza Universidad, 660
Ämnen:
Taggar: Lägg till en tagg
Inga taggar, Lägg till första taggen!

MARC

LEADER 00000nam a2200000 a 4500
001 UCU0262
003 CL-VaPUC
008 960322e19910000SP |||||||||||||||||spa|d
082 0 4 |a 572.8  |b OLB  |2 21 
100 |a Olby, Robert  |e autor  |9 355265 
245 1 3 |a El camino hacia la doble hélice 
300 |a 694 p 
942 |c BK 
945 |d 19960322 00:00:00  |a rbrito 
260 |a Madrid  |b Alianza  |c 1991 
650 0 |a Biología molecular  |9 269677 
650 7 |a MACROMOLECULAS  |2 CL-VaPUC  |9 313728 
650 0 |a Ácidos nucleicos  |9 348842 
650 0 |a Biología  |9 262022 
650 0 |a Genética  |9 259443 
583 |a last modification  |c 19960322 00:00:00  |k Rodrigo Vera 
490 0 |a Alianza Universidad, 660 
999 |c 245139  |d 245137 
952 |0 0  |1 0  |4 0  |6 572_800000000000000_OLB_1991  |7 0  |8 A  |9 259547  |a BIBCUR  |b BIBCUR  |d 2019-11-19  |i 3178285  |o 572.8 OLB 1991  |p 3178285  |r 2025-04-22  |w 2019-11-19  |y BK  |k BCB